000 00270nam a2200133Ia 4500
100 _aChurchill/ S/C.
942 _cBK
654 _aBrazing
245 _aBrazing
260 _bMachinery Publication & co
_c2001
082 _a671.5
300 _a151
546 _aENGLISH
999 _c30538
_d30538